Animaux en images par lettre - D - Statistiques

Statistiques générales
  • Ce quiz a été pris 31 867 fois
  • Le résultat moyen est 9 sur 16
Statistiques - réponses
Par images Réponse % Correct
Dauphin
100%
Dindon
99%
Dromadaire
98%
Dalmatien
97%
Dodo
83%
Daim
77%
Dobermann
72%
Diplodocus
65%
Dorade
53%
Dingo
45%
Dragon barbu
42%
Diable de Tasmanie
40%
Doryphore
21%
Demoiselle
17%
Dugong
16%
Dhole
5%
Aucun quiz correspondant
Distribution des résultats
% des personnes avec chaque résultat
Percentile par nombre de réponses
Votre historique - résultats
Vous n’avez pas pris ce quiz